Le livre de mon ami Tiểu thuyết
Guardat en:
| Autor principal: | |
|---|---|
| Format: | Llibre |
| Idioma: | Undetermined |
| Publicat: |
Paris
1943
|
| Matèries: | |
| Etiquetes: |
Afegir etiqueta
Sense etiquetes, Sigues el primer a etiquetar aquest registre!
|
| Thư viện lưu trữ: | Trung tâm Học liệu Trường Đại học Cần Thơ |
|---|
| LEADER | 00538nam a2200193Ia 4500 | ||
|---|---|---|---|
| 001 | CTU_32725 | ||
| 008 | 210402s9999 xx 000 0 und d | ||
| 020 | |b cần thêm chi tiết mô tả | ||
| 082 | |a 843 | ||
| 082 | |b F815 | ||
| 100 | |a Anatole France | ||
| 245 | 0 | |a Le livre de mon ami | |
| 245 | 0 | |b Tiểu thuyết | |
| 245 | 0 | |c Anatole France | |
| 260 | |a Paris | ||
| 260 | |c 1943 | ||
| 650 | |a french fiction | ||
| 904 | |i Nguyễn Quang Điền, 990817 | ||
| 980 | |a Trung tâm Học liệu Trường Đại học Cần Thơ | ||